[Event "GEO-ch 72nd"]
[Site "Tbilisi"]
[Date "2013.06.15"]
[Round "4"]
[White "Pantsulaia, Levan"]
[Black "Zarkua, Davit"]
[Result "1-0"]
[WhiteElo "2567"]
[BlackElo "2441"]
[PlyCount "115"]
[EventDate "2013.06.12"]
[EventType "tourn"]
[EventRounds "11"]
[EventCountry "GEO"]
[EventCategory "10"]
[SourceTitle "CBM 155 Extra"]
[Source "ChessBase"]
[SourceDate "2013.08.26"]
[SourceVersion "1"]
[SourceVersionDate "2013.08.26"]
[SourceQuality "1"]

1. Nf3 d6 2. g3 Bd7 3. Bg2 Qc8 4. 0-0 Bh3 5. d4 Bxg2 6. Kxg2 Nf6 7. Nc3 d5 8. Bg5 e6 9. Bxf6 gxf6 10. e4 dxe4 11. Nxe4 Bg7 12. d5 0-0 13. dxe6 fxe6 14. Qd3 f5 15. Neg5 h6 16. Nh3 Nc6 17. Rad1 e5 18. Qc4+ Kh7 19. Rd5 Rd8 20. Rfd1 Rxd5 21. Qxd5 Qe8 22. Qd7 Qh5 23. Re1 Rf8 24. Qxc7 Rf7 25. Qc8 Bf6 26. c3 Qg4 27. Re2 Kg7 28. Qe6 h5 29. Qd5 Ne7 30. Qxb7 Ng6 31. Qb5 e4 32. Nfg1 f4 33. Kf1 f3 34. Rd2 h4 35. Qc5 hxg3 36. hxg3 Re7 37. Qe3 Qe6 38. b3 Qa6+ 39. c4 Qa3 40. Rc2 Qd6 41. Rd2 Qa3 42. Nxf3 exf3 43. Qxf3 Qa5 44. Rd6 Qe5 45. Ra6 Qd4 46. Qf5 Qe5 47. Qxe5 Bxe5 48. c5 Bd4 49. b4 Ne5 50. Ng5 Bc3 51. a3 Nc4 52. Ne6+ Kg8 53. b5 Bb2 54. a4 Ba3 55. a5 Bb4 56. b6 Rxe6 57. b7 Re8 58. Rxa7 1-0

[Event "Albena Masters op"]
[Site "Albena"]
[Date "2013.06.08"]
[Round "8"]
[White "Dolzhikova, Olga"]
[Black "Zarkua, Davit"]
[Result "0-1"]
[WhiteElo "2263"]
[BlackElo "2441"]
[PlyCount "76"]
[EventDate "2013.06.01"]
[EventType "swiss"]
[EventRounds "9"]
[EventCountry "BUL"]
[SourceTitle "EXT 2014"]
[Source "ChessBase"]
[SourceDate "2013.11.20"]
[SourceVersion "1"]
[SourceVersionDate "2013.11.20"]
[SourceQuality "1"]

1. e4 g6 2. d4 Bg7 3. Nc3 d6 4. f4 Nf6 5. Nf3 0-0 6. Bd3 Nc6 7. e5 dxe5 8. fxe5 Nh5 9. Be3 Bg4 10. Be2 f6 11. exf6 exf6 12. 0-0 Re8 13. Qd2 Bxf3 14. Bxf3 f5 15. Ne2 Nf6 16. c3 Qd7 17. Bh6 Bxh6 18. Qxh6 Nd8 19. Qd2 c6 20. Nf4 Nf7 21. Rae1 c5 22. Rxe8+ Rxe8 23. Rd1 Rd8 24. Qf2 Ng5 25. d5 Qd6 26. Ne2 Qe5 27. b4 Nge4 28. Qh4 Rxd5 29. Re1 cxb4 30. cxb4 Rd6 31. Bxe4 Nxe4 32. Qh3 Qb2 33. Qe3 Qxb4 34. Nc3 Qd4 35. Nxe4 fxe4 36. Qxd4 Rxd4 37. Rc1 Rd7 38. Re1 Re7 0-1